00370nam a2200145Ia 4500008004100000020001500041041001200056082001600068100001800084245005500102260002500157300000800182650001600190700001800206221030s9999 xx 000 0 und d a0074632736 aEnglish a105.23bMad aS. E. Madnick 0aOperating Systemscby S. E. Madnick, J. J. Donovan bTMHaNew Delhic1999 a640 aBE Computer aJ. J. Donovan